| 000 | 00513cam a22001814a 4500 | ||
|---|---|---|---|
| 001 | 1201184 | ||
| 005 | 20241209122534.0 | ||
| 008 | 981210s1999 miua be 001 0 eng | ||
| 020 | _a9780787630447 | ||
| 050 | 0 | 0 |
_aQH302.5 _b.W67 1999 |
| 082 | 0 | 0 |
_a570/.3 _221 |
| 245 | 0 | 0 |
_aWorld of biology / _cKimberley A. McGrath, editor. |
| 260 |
_aDetroit : _bGale Group, _cc1999. |
||
| 300 |
_avii, 942 p. : _bill. ; _c29 cm. |
||
| 650 | 0 |
_aBiology _xEncyclopedias. |
|
| 700 | 1 | _aMcGrath, Kimberley A. | |
| 942 |
_2lcc _cBK _n0 |
||
| 999 |
_c1991 _d1991 |
||